Top NHL Scorers by Decade 2 - Statistics

General Stats
  • This quiz has been taken 92 times
  • The average score is 13 of 50
Answer Stats
Decade Points Player % Correct
1950s 806 Gordie Howe
88%
1930s 269 Syd Howe
88%
1950s 552 Maurice Richard
85%
1940s 414 Maurice Richard
85%
1950s 510 Jean Béliveau
65%
1920s 244 Howie Morenz
57%
1940s 341 Sid Abel
50%
1940s 386 Toe Blake
44%
1940s 447 Elmer Lach
43%
1950s 525 Bernie Geoffrion
38%
1950s 425 Alex Delvecchio
37%
1930s 345 Charlie Conacher
35%
1950s 433 Dickie Moore
35%
1930s 285 Hooley Smith
32%
1940s 386 Max Bentley
29%
1910s 109 Newsy Lalonde
29%
1940s 475 Doug Bentley
28%
1910s 106 Joe Malone
28%
1950s 428 Andy Bathgate
26%
1920s 157 King Clancy
24%
1930s 353 Busher Jackson
22%
1930s 276 Dit Clapper
22%
1920s 218 Aurèle Joliat
21%
1940s 353 Bill Mosienko
15%
1910s 77 Corbett Denneny
15%
1920s 244 Cy Denneny
15%
1910s 92 Cy Denneny
15%
1920s 161 Frank Boucher
15%
1920s 150 Frank Nighbor
15%
1910s 89 Frank Nighbor
15%
1920s 161 Georges Boucher
15%
1930s 334 Nels Stewart
13%
1920s 181 Nels Stewart
13%
1920s 240 Babe Dye
12%
1940s 361 Bill Cowley
12%
1920s 176 Reg Noble
10%
1910s 84 Reg Noble
10%
1950s 463 Bert Olmstead
9%
1950s 557 Ted Lindsay
9%
1910s 69 Didier Pitre
7%
1910s 64 Harry Cameron
7%
1910s 71 Jack Darragh
7%
1930s 353 Marty Barry
7%
1930s 298 Cecil Dillon
6%
1930s 278 Paul Thompson
6%
1950s 441 Tod Sloan
6%
1940s 361 Buddy O'Connor
4%
1910s 51 Odie Cleghorn
4%
1940s 332 Joe Carveth
3%
1930s 303 Johnny Gottselig
3%
No matching quizzes found
Score Distribution
Percent of People with Each Score
Percentile by Number Answered
Your Score History
You have not taken this quiz